Collected plays of Federico Garcia Lorca / (Record no. 19956)
[ view plain ]
| 000 -LEADER | |
|---|---|
| fixed length control field | 00965nam a2200289 a 4500 |
| 001 - CONTROL NUMBER | |
| control field | 19956 |
| 003 - CONTROL NUMBER IDENTIFIER | |
| rucl marc code | BD-RjUL |
| 005 - DATE AND TIME OF LATEST TRANSACTION | |
| control field | 20211209000513.0 |
| 008 - FIXED-LENGTH DATA ELEMENTS--GENERAL INFORMATION | |
| fixed length control field | 140226t19761963enkg 000 0 eng |
| 020 ## - INTERNATIONAL STANDARD BOOK NUMBER | |
| International Standard Book Number | 0436257025 : |
| International Standard Book Number | 0436257025 |
| 035 ## - SYSTEM CONTROL NUMBER | |
| System control number | (BD-RjUL)20017 |
| 040 ## - CATALOGING SOURCE | |
| Original cataloging agency | LC |
| Language of cataloging | eng |
| Transcribing agency | LC |
| Modifying agency | LC |
| -- | BD-RjUL |
| 041 1# - LANGUAGE CODE | |
| Language code of text/sound track or separate title | engspa |
| 082 04 - DEWEY DECIMAL CLASSIFICATION NUMBER | |
| Classification number | 862.62 |
| Author mark and year | GAC 1976 |
| 100 1# - MAIN ENTRY--PERSONAL NAME | |
| Personal name | Garcia Lorca, Federico, |
| Dates associated with a name | 1898-1936. |
| 9 (RLIN) | 55627 |
| 245 10 - TITLE STATEMENT | |
| Title | Collected plays of Federico Garcia Lorca / |
| Statement of responsibility, etc. | translated by James Graham-Lujan and Richard L. O'Connell ; prologue by Francisco Garcia Lorca. |
| 260 ## - PUBLICATION, DISTRIBUTION, ETC. (IMPRINT) | |
| Place of publication, distribution, etc. | London : |
| Name of publisher, distributor, etc. | Secker and Warburg, |
| Date of publication, distribution, etc. | c1963 [1976]. |
| 300 ## - PHYSICAL DESCRIPTION | |
| Pagination | [6], 467 p. : |
| Illustrations | music ; |
| Size | 23 cm. |
| 600 10 - SUBJECT ADDED ENTRY--PERSONAL NAME | |
| Personal name | Garcia Lorca, Federico, |
| Dates associated with a name | 1898-1936 |
| General subdivision | Translations into English. |
| 700 1# - ADDED ENTRY--PERSONAL NAME | |
| Personal name | Graham-Lujan, James. |
| Personal name | O'Connell, Richard L. |
| 942 ## - ADDED ENTRY ELEMENTS (KOHA) | |
| Source of classification or shelving scheme | Dewey Decimal Classification |
| Koha item type | Books |
| Lost status | Source of classification or shelving scheme | Damaged status | Not for loan | Collection code | Permanent Location | Current Location | Shelving location | Date acquired | Source of acquisition | Cost, normal purchase price | Total Checkouts | Full call number | Date last seen | Copy number | Koha item type |
|---|---|---|---|---|---|---|---|---|---|---|---|---|---|---|---|
| Dewey Decimal Classification | Not For Loan | Non-fiction | Central Library, University of Rajshahi | Central Library, University of Rajshahi | Reading Room | 29/03/1980 | Helfers. | 5.90 | 862.62 GAC 1976 | 26/02/2014 | C-1 | Books |